000 00739nam a2200217 a 4500
001 000022398
003 DO-SdBNP
005 20220228090459.0
007 ta
008 101007s2004 dr 001 0 spa d
040 _aDO-SdBNP
_bspa
_cBNPHU
049 _aBNPD
082 4 _222
245 0 0 _aMesas de Participación Ciudadana :
_bmemoria final /
246 1 0 _aMesa de participación ciudadana una experiencias de concertación
260 _aSanto Domingo :
_bParticipación Ciudadana,
_c2004.
300 _a245 p. :
_bil., retrs. ;
_c23 cm.
500 _aTemas concentrados entre partidos políticos, Sociedad Civil, Junta Cetral Electoral, Poderes del Estados, Universidades
590 _aInventariado, 2022/BT
942 _2ddc
_cLBS1
999 _c21896
_d21896